<?xml version="1.0" encoding="UTF-8"?><?xml-stylesheet type="text/xsl" href="static/style.xsl"?><OAI-PMH xmlns="http://www.openarchives.org/OAI/2.0/" xmlns:xsi="http://www.w3.org/2001/XMLSchema-instance" xsi:schemaLocation="http://www.openarchives.org/OAI/2.0/ http://www.openarchives.org/OAI/2.0/OAI-PMH.xsd"><responseDate>2026-04-27T12:21:13Z</responseDate><request verb="GetRecord" identifier="oai:uvadoc.uva.es:10324/36794" metadataPrefix="marc">https://uvadoc.uva.es/oai/request</request><GetRecord><record><header><identifier>oai:uvadoc.uva.es:10324/36794</identifier><datestamp>2021-06-29T23:49:51Z</datestamp><setSpec>com_10324_38</setSpec><setSpec>col_10324_852</setSpec></header><metadata><record xmlns="http://www.loc.gov/MARC21/slim" xmlns:doc="http://www.lyncode.com/xoai" xmlns:xsi="http://www.w3.org/2001/XMLSchema-instance" xmlns:dcterms="http://purl.org/dc/terms/" xsi:schemaLocation="http://www.loc.gov/MARC21/slim http://www.loc.gov/standards/marcxml/schema/MARC21slim.xsd">
<leader>00925njm 22002777a 4500</leader>
<datafield tag="042" ind1=" " ind2=" ">
<subfield code="a">dc</subfield>
</datafield>
<datafield tag="720" ind1=" " ind2=" ">
<subfield code="a">Díez Calvo, David</subfield>
<subfield code="e">author</subfield>
</datafield>
<datafield tag="260" ind1=" " ind2=" ">
<subfield code="c">2019</subfield>
</datafield>
<datafield tag="520" ind1=" " ind2=" ">
<subfield code="a">En este trabajo de fin de grado se procederá al desarrollo del sistema de control&#xd;
para una máquina síncrona el cual la permita actuar como motor paso a paso&#xd;
o como generador síncrono.&#xd;
Para el desarrollo de dicho sistema se hará uso del circuito integrado&#xd;
IRAMY20UP60B así como de una unidad NI myRIO-1900. Estos desarrollarán&#xd;
las funciones del sistema de control.</subfield>
</datafield>
<datafield tag="024" ind2=" " ind1="8">
<subfield code="a">http://uvadoc.uva.es/handle/10324/36794</subfield>
</datafield>
<datafield ind1=" " ind2=" " tag="653">
<subfield code="a">Motores eléctricos</subfield>
</datafield>
<datafield ind1=" " ind2=" " tag="653">
<subfield code="a">Motores síncronos</subfield>
</datafield>
<datafield ind1=" " ind2=" " tag="653">
<subfield code="a">Máquinas eléctricas - Control</subfield>
</datafield>
<datafield ind1=" " ind2=" " tag="653">
<subfield code="a">Generadores eléctricos</subfield>
</datafield>
<datafield tag="245" ind1="0" ind2="0">
<subfield code="a">Control de una máquina síncrona como motor paso a paso y generador</subfield>
</datafield>
</record></metadata></record></GetRecord></OAI-PMH>